Horror Films Nominated for Oscars - Statistics

General Stats
  • This quiz has been taken 127 times
  • The average score is 44 of 122
Answer Stats
Hint Answer % Correct
Best Picture 1991 The Silence of the Lambs
82%
Best Adapted Screenplay | Best Cinematography | Best Film Editing | +3 others 1973 The Exorcist
74%
Best Actress 1973 The Exorcist - Ellen Burstyn
74%
Best Supporting Actor 1973 The Exorcist - Jason Miller
74%
Best Supporting Actress 1973 The Exorcist -Linda Blair
74%
Best Director 1973 The Exorcist - William Friedkin
74%
Best Film Editing | Best Original Score | Best Picture | Best Sound 1975 Jaws
69%
Best Cinematography | Best Production Design 1960 Psycho
66%
Best Original Screenplay | Best Picture 2017 Get Out
65%
Best Actor 2017 Get Out - Daniel Kaluuya
65%
Best Director 2017 Get Out - Jordan Peele
65%
Best Director 1960 Psycho - Alfred Hitchcock
65%
Best Supporting Actress 1960 Psycho - Janet Leigh
65%
Best Production Design | Best Visual Effects 1979 Alien
58%
Best Film Editing | Best Original Screenplay | Best Picture 1999 The Sixth Sense
54%
Best Supporting Actor 1999 The Sixth Sense - Haley Joel Osment
54%
Best Director 1999 The Sixth Sense - M. Night Shyamalan
54%
Best Supporting Actress 1999 The Sixth Sense - Toni Colette
54%
Best Film Editing | Best Original Score | Best Production Design | +3 others 1986 Aliens
51%
Best Actress 1986 Aliens - Sigourney Weaver
51%
Best Makeup and Hairstyling | Best Original Screenplay | Best Picture 2024 The Substance
51%
Best Actress 2024 The Substance - Demi Moore
51%
Best Costume Design | Best Makeup and Hairstyling | Best Production Design | Best Sound Editing 1992 Bram Stoker's Dracula
48%
Best Visual Effects 1963 The Birds
45%
Best Supporting Actress 1977 Carrie - Piper Laurie
43%
Best Actress 1977 Carrie - Sissy Spacek
43%
Best Adapted Screenplay 1968 Rosemary's Baby
43%
Best Supporting Actress 1968 Rosemary's Baby - Ruth Gordon
43%
Best Cinematography | Best Film Editing | Best Picture 2010 Black Swan
40%
Best Director 2010 Black Swan - Darren Aronofsky
40%
Best Actress 2010 Black Swan - Natalie Portman
40%
Best Cinematography | Best Costume Design | Best Makeup and Hairstyling | Best Production Design 2024 Nosferatu
37%
Best Actress 1990 Misery - Kathy Bates
35%
Best Original Score 1976 The Omen
35%
Best Original Song 1976 The Omen - Ave Satani
35%
Best Actor 1991 The Silence of the Lambs - Anthony Hopkins
35%
Best Actress 1991 The Silence of the Lambs - Jodie Foster
35%
Best Director 1991 The Silence of the Lambs - Jonathan Demme
35%
Best Makeup and Hairstyling 1994 Frankenstein
34%
Best Adapted Screenplay | Best Film Editing | Best Sound 1991 The Silence of the Lambs
34%
Best Original Score | Best Sound | Best Visual Effects 1982 Poltergeist
26%
Best Makeup and Hairstyling 1981 An American Werewolf in London
25%
Best Sound | Best Sound Editing | Best Visual Effects 1993 Jurassic Park
25%
Best Film Editing 1995 Se7en
25%
Best Makeup and Hairstyling 1986 The Fly
25%
Best Visual Effects 1987 Predator
23%
Best Visual Effects 1992 Alien 3
22%
Best Animated Feature Film 2009 Coraline
20%
Best Visual Effects 2023 Godzilla Minus One
18%
Best Cinematography | Best Sound 1976 King Kong
17%
Best Makeup and Hairstyling 2010 The Wolfman
17%
Best Sound Editing 2018 A Quiet place
15%
Best Supporting Actress 1991 Cape Fear - Juliette Lewis
15%
Best Actor 1991 Cape Fear - Robert De Niro
15%
Best Picture 1944 Gaslight
15%
Best Original Score | Best Production Design 1994 Interview with the Vampire
15%
Best Cinematography | Best Costume Design | Best Production Design 1999 Sleepy Hollow
15%
Best Original Score 1979 The Amityville Horror
14%
Best Cinematography | Best Costume Design | Best Sound` 1963 Whatever Happened to Baby Jane?
14%
Best Actress 1963 Whatever Happened to Baby Jane? - Bette Davis
14%
Best Supporting Actor 1963 Whatever Happened to Baby Jane? - Victor Buono
14%
Best Original Score 2004 The Village
12%
Best Visual Effects 2012 Prometheus
11%
Best Actor 2007 Sweeney Todd: The Demon Barber of Fleet Street - Johnny Depp
11%
Best Actress 1967 Wait Until Dark - Audrey Hepburn
11%
Best Makeup and Hairstyling 2000 Shadow of the Vampire
9%
Best Supporting Actor 2000 Shadow of the Vampire - Willem DaFoe
9%
Best Makeup and Hairstyling 1988 Beetlejuice
8%
Best Original Score | Best Sound 1980 Altered States
6%
Best Original Score 1976 Obsession
6%
Best Visual Effects 1986 Poltergeist II: The Other Side
6%
Best Makeup and Hairstyling 2018 Border
5%
Best Visual Effects 1992 Death Becomes Her
5%
Best Sound Editing 1990 Flatliners
5%
Best Visual Effects 2000 Hollow Man
5%
Best Costume Design | Best Production Design 2007 Sweeney Todd: The Demon Barber of Fleet Street
5%
Best Music, Adapted Score 1974 Phantom of the Paradise
3%
Best Sound Editing 1996 The Ghost and the Darkness
3%
Best Original Score | Best Sound 1987 The Witches of Eastwick
3%
No matching quizzes found
Score Distribution
Percent of People with Each Score
Percentile by Number Answered
Your Score History
You have not taken this quiz